Определение содержания и распределения некоторых элементов-примесей в групповых составляющих торфа; Химия и химическая технология в XXI веке

Dades bibliogràfiques
Parent link:Химия и химическая технология в XXI веке.— 2009.— С. 290-291
Autor principal: Мефтахутдинов Н. Р.
Altres autors: Арбузов С. И. Сергей Иванович (научный руководитель), Маслов С. Г. Станислав Григорьевич
Idioma:rus
Publicat: 2009
Matèries:
Format: MixedMaterials Capítol de llibre
KOHA link:https://koha.lib.tpu.ru/cgi-bin/koha/opac-detail.pl?biblionumber=173833

MARC

LEADER 00000naa2a2200000 4500
001 173833
005 20231031164528.0
035 |a (RuTPU)RU\TPU\book\188521 
090 |a 173833 
100 |a 20100109d2009 k y0rusy50 ca 
101 0 |a rus 
102 |a RU 
200 1 |a Определение содержания и распределения некоторых элементов-примесей в групповых составляющих торфа  |f Н. Р. Мефтахутдинов  |g науч. рук. С. И. Арбузов, С. Г. Маслов 
320 |a Библиогр.: 2 назв. 
463 0 |0 (RuTPU)RU\TPU\book\176321  |t Химия и химическая технология в XXI веке  |o X Юбилейная всероссийская научно-практическая конференция студентов и аспирантов, г. Томск, 13-15 мая 2009 г.  |f Томский политехнический университет (ТПУ) ; Химия и химическая технология в XXI веке  |v С. 290-291  |d 2009  |p 322 с. 
610 1 |a торф 
610 1 |a элементы-примеси 
610 1 |a сорбенты 
610 1 |a металлы 
610 1 |a Васюганское месторождение 
610 1 |a труды учёных ТПУ 
700 1 |a Мефтахутдинов  |b Н. Р. 
702 1 |a Арбузов  |b С. И.  |c российский геолог и геохимик  |c профессор Томского политехнического университета, доктор геолого-минералогических наук  |f 1959-  |g Сергей Иванович  |2 stltpush  |4 727 
702 1 |a Маслов  |b С. Г.  |c специалист в области химической технологии топлива  |c доцент Томского политехнического университета, кандидат технических наук  |f 1939-  |g Станислав Григорьевич  |2 stltpush  |4 727 
801 1 |a RU  |b 63413507  |c 20100109 
801 2 |a RU  |b 63413507  |c 20120723  |g RCR 
942 |c BK